000 00595cam a22002051 4500
001 sa 68013468
003 DLC
005 20260227112622.0
008 890516s1967 io 000 0 ind
010 _asa 68013468
035 _a(OCoLC)23556584
040 _aDLC
_cMiU
_dDLC
042 _apremarc
050 0 0 _aHD2429.I54
_bP7
100 1 _aPrawiranegara, Sjafruddin.
245 1 0 _aMemperkenalkan azas dan tudjuan Himpunan Usahawan Muslimin Indonesia (HUSAMI).
260 _aDjakarta,
_bBulan Bintang,
_c1967.
300 _a40 p.
_c18 cm.
610 2 0 _aHimpunan Usahawan Muslimin Indonesia.
999 _c85126
_d85126